000 00688nam a2200265Ia 4500
005 20260302115926.0
008 008 260114s9999 xx 000 0 eng d
020 _a9781526514356
037 _aTextbook
040 _aCRL
040 _beng
040 _cCRL
041 _2eng
041 _aeng
084 _qCRL
100 _aRichard C. Bishop
_91122756
245 0 _aArticles of Association: Guidance and Precedents
260 _bBloomsbury
260 _bBloomsbury Professional
260 _c2020
650 _aLaw
856 _uhttps://dx.doi.org/10.5040/9781526514356?locatt=label:secondary_bloomsburyCollections
942 _cEBOOK
999 _c1687941
_d1687941